000 00675nam a22002177a 4500
005 20150518152529.0
008 140714b xxu||||| |||| 00| 0 Urdu d
010 _aUR-8923
020 _c200.00
_a9789381029671
035 _aU-7478
037 _bBPPD/Pub/Ven
040 _aDPL
_bUrdu
082 _a841
100 _aخو ر شيد عا لم خا ن
245 _aجہا ن گر د
_cخو ر شيد عا لم خا ن
246 _aJahan Gard
_bByKhursheed alab
260 _bMaktaba Jamia Ltd.
_c2012
_a Delhi
270 _aUrdu Bazar Jama Masjid
_b Delhi
_k919835773404
_e110006
300 _a176ص
_c22Cm (Hb)
942 _2ddc
_cUR
_e
_h841
_mخ و ر
999 _c93718
_d93718